00266 a2200109 4500001000700000020000600007040001100013100003400024240004700058245004200105362000900147168865 a  cMagnum aVillas Boas, Maria Violeta C.10aEducacao: reflexoes sobre uma praticalpor10aEducacao: reflexoes sobre uma pratica0 a1899